Ptak sums and boolean powers in orthomodular lattices = Ptákove sumy a booleove mocniny v ortomodulárnych zväzoch : V.odb. 11-04-9 : Obh. 12.02.1993 /

Salvato in:
Dettagli Bibliografici
Autore principale: Janiš, Vladimír (Autore)
Altri autori: Riečanová, Zdenka, 1935- (Relatore della tesi)
Natura: Manoscritto Libro
Pubblicazione: Bratislava : STU v Bratislave FEI, 1992
Tags: Aggiungi Tag
Nessun Tag, puoi essere il primo ad aggiungerne!!

MARC

LEADER 00000ntm a22000003a 4500
001 stu4280
005 20220401153012.0
008 ------s1992----------------------------d
040 |a STU  |b slo 
100 1 |a Janiš, Vladimír  |4 aut 
245 1 |a Ptak sums and boolean powers in orthomodular lattices = Ptákove sumy a booleove mocniny v ortomodulárnych zväzoch :  |b V.odb. 11-04-9 : Obh. 12.02.1993 /  |c [aut.] Janiš,Vladimír, Ing.; Škol. Riečanová,Zdenka 
260 |a Bratislava :  |b STU v Bratislave FEI,  |c 1992 
300 |a 71 s 
700 1 |a Riečanová, Zdenka,  |d 1935-  |4 ths  |u E050  |U FEI Fakulta elektrotechniky a informatiky  |T FEI Ústav informatiky a matematiky  |X 2151  |U E050  |Y 816  |7 A000002151 
996 |b 284ED00372  |c E*KDIZ-672  |l EE01  |s A  |a 24  |w stu4280_0001